Brighton & Hove Albion Squad 2017-2018 - Statistics

General Stats
  • This quiz has been taken 14 times
  • The average score is 16 of 31
Answer Stats
# Position Nation Player % Correct
17 FW England Glenn Murray
100%
1 GK Australia Mathew Ryan
100%
13 MF Germany Pascal Groß
100%
19 FW Colombia José Izquierdo
91%
20 MF England Solly March
91%
5 DF England Lewis Dunk
82%
22 DF Ireland Shane Duffy
82%
10 FW Israel Tomer Hemed
82%
7 MF Israel Biram Kayal
73%
2 DF Spain Bruno Saltor
73%
24 MF Netherlands Davy Pröpper
73%
3 DF Cameroon Gaëtan Bong
73%
11 FW France Anthony Knockaert
64%
- Coach Ireland Chris Hughton
64%
6 MF England Dale Stephens
55%
25 FW Curaçao Jürgen Locadia
55%
21 DF Italy Ezequiel Schelotto
45%
8 FW Czech Republic Jiří Skalák
45%
29 DF Austria Markus Suttner
36%
12 GK Finland Niki Mäenpää
36%
4 DF Germany Uwe Hünemeier
36%
37 FW England Izzy Brown
27%
15 FW Scotland Jamie Murphy
27%
16 FW Argentina Leonardo Ulloa
27%
38 DF Czech Republic Aleš Matějů
18%
9 FW England Sam Baldock
18%
26 GK Netherlands Tim Krul
18%
18 DF England Connor Goldson
9%
39 FW Netherlands Soufyan Ahannach
9%
14 MF England Steve Sidwell
9%
23 DF England Liam Rosenior
0%
No matching quizzes found
Score Distribution
Percent of People with Each Score
Percentile by Number Answered
Your Score History
You have not taken this quiz